Production of Polymer Clay Souvenir in Angono, Rizal / (Record no. 85813)
[ view plain ]
| 000 -LEADER | |
|---|---|
| fixed length control field | 01986nam a22001937a 4500 |
| 003 - CONTROL NUMBER IDENTIFIER | |
| control field | URS |
| 005 - DATE AND TIME OF LATEST TRANSACTION | |
| control field | 20251015134124.0 |
| 008 - FIXED-LENGTH DATA ELEMENTS--GENERAL INFORMATION | |
| fixed length control field | 250904b |||||||| |||| 00| 0 eng d |
| 100 ## - MAIN ENTRY--PERSONAL NAME | |
| Personal name | Maria Mikaela Jane A. Liwanag, Clariza M. Robleza, Kazandra Nicole D. Tangonan, Irish L. Vallestero |
| 245 ## - TITLE STATEMENT | |
| Title | <a href="Production of Polymer Clay Souvenir in Angono, Rizal /">Production of Polymer Clay Souvenir in Angono, Rizal /</a> |
| 260 ## - PUBLICATION, DISTRIBUTION, ETC. (IMPRINT) | |
| Date of publication, distribution, etc | 2024 |
| 300 ## - PHYSICAL DESCRIPTION | |
| Extent | xii, 98 pages |
| 502 ## - DISSERTATION NOTE | |
| Dissertation note | Feasibility Study |
| Degree type | Bachelor of Science in Business Administration Major in Financial Management |
| Name of granting institution | University of Rizal System |
| Year degree granted | 2024 |
| 520 ## - SUMMARY, ETC. | |
| Summary, etc | "This feasibility study is entitled Production of Polymer Clay Souvenir in<br/>Angono, Rizal aimed to offer a durable, unique, and eye-catching souvenir that<br/>can be used for events and special occasion.<br/>The business will be known as Polay Souvenirs with an initial capital of One<br/>Hundred Fifty Thousands Pesos (P150,000) which will be provided by the owner<br/>of the business. It will be in a form of a sole proprietorship. The Polay Souvenirs will operate eight (8) hours a day and five (5) days a<br/>week from Wednesday to Sunday, 10 am to 7pm. On Mondays and Tuesdays,<br/>the business will focus on production of polymer clay souvenirs.<br/>Compliance to proper procedures and legal requirements were recognized<br/>before the operation of the business making it a legal entity. It will be registered in<br/>the Department of Trade and Industry (DTI), Bureau of Internal Revenue (BIR),<br/>Social Security System (SSS), PhilHealth, and PAGIBIG.<br/>Projected financial statements, financial analysis ratios, and supporting<br/>schedules show that the proposed business are profitable.<br/>Based on the information gathered, the proponents believe that their study<br/>is viable and feasible. " |
| 700 ## - ADDED ENTRY--PERSONAL NAME | |
| Personal name | Alfredo J. Toledo JR |
| Relator term | Adviser |
| 856 ## - ELECTRONIC LOCATION AND ACCESS | |
| Materials specified | Online Request for Student Unpublished Works |
| Uniform Resource Identifier | https://forms.gle/7LqvGGkaDrUQqz429 |
| 856 ## - ELECTRONIC LOCATION AND ACCESS | |
| Uniform Resource Identifier | https://drive.google.com/file/d/1GtoS9qTAuvzjM0Po04iX4Wf4WC6UF198/view?usp=sharing |
| 942 ## - ADDED ENTRY ELEMENTS (KOHA) | |
| Source of classification or shelving scheme | Library of Congress Classification |
| Koha item type | Theses and dissertations |
| Withdrawn status | Source of classification or shelving scheme | Damaged status | Not for loan | Home library | Current library | Date acquired | Total Checkouts | Barcode | Date last seen | Price effective from | Koha item type |
|---|---|---|---|---|---|---|---|---|---|---|---|
| Library of Congress Classification | Binangonan College Library | Binangonan College Library | 09/04/2025 | URSBIN-UGT3186 | 09/04/2025 | 09/04/2025 | Theses and dissertations |